| 000 | 00799nam a2200229 i 4500 | ||
|---|---|---|---|
| 001 | 85727 | ||
| 003 | ES-MaACL | ||
| 005 | 20251108165304.0 | ||
| 007 | t| | ||
| 008 | 041130s1978 sp ||||1| spa d | ||
| 100 | 0 |
_aJuan Pablo _bII _cPapa, Santo. _9162513 |
|
| 245 | 1 | 0 |
_aAmor y responsabilidad _b: estudio de moral sexual / _cCardenal Karol Wojtyla ; prefacio de Henri de Lubac ; [traducción, Juan Antonio Segarra]. |
| 250 | _a2ª ed. | ||
| 260 |
_aMadrid : _bRazón y Fé, _c1978. |
||
| 300 |
_a347 p. ; _c19 cm. |
||
| 650 | 7 |
_aÉtica sexual _2embne _912591 |
|
| 650 | 0 | 4 |
_aSexualidad- _xAspectos religiosos. _917079 |
| 700 | 1 |
_aLubac, Henri de, _d1896-1991 _974490 |
|
| 700 | 1 |
_aSegarra, Juan Antonio. _9105122 |
|
| 852 |
_aES-MaACL _jA-9322 _bR.98389 |
||
| 999 |
_c85727 _d85727 |
||